Termodinámica

Kaydedildi:
Detaylı Bibliyografya
Yazar: Fermi, Enrico (Yazar)
Materyal Türü: Kitap
Dil:İspanyolca
Baskı/Yayın Bilgisi: Buenos Aires Eudeba 1968
Edisyon:1a. ed
Seri Bilgileri:Manuales Eudeba-Física
Konular:
Etiketler: Etiketle
Etiket eklenmemiş, İlk siz ekleyin!

MARC

LEADER 00000nam a2200000 a 4500
001 UCH3079
003 CL-VaPUC
008 090715e19680000AG |||||||||||||||||spa|d
082 0 4 |a 536.7  |b FER  |2 21 
100 0 |a Fermi, Enrico  |e author  |9 348381 
245 1 0 |a Termodinámica 
250 |a 1a. ed 
300 |a 150 p 
942 |c BK 
945 |d 20090715 00:00:00  |a rbrito 
260 |a Buenos Aires  |b Eudeba  |c 1968 
650 0 |a Termodinámica   |9 259320 
650 0 |a Entropía  |9 262675 
650 7 |a SISTEMAS GASEOSOS  |2 CL-VaPUC  |9 538235 
583 |a last modification  |c 20090715 00:00:00  |k Rodrigo Vera 
490 0 |a Manuales Eudeba-Física 
999 |c 334718  |d 334716 
952 |0 0  |1 0  |4 0  |6 536_700000000000000_FER_1968  |7 0  |8 A  |9 423863  |a BIBCUR  |b BIBCUR  |d 2019-11-22  |i 4535502  |l 6  |m 8  |o 536.7 FER 1968  |p 4535502  |q 2025-05-12  |r 2025-04-29  |s 2025-04-29  |w 2019-11-22  |y BK  |k FIS